00621nam a2200193Ia 4500008004100000020001300041082001600054100002100070245002600091250000700117260005900124300003300183500001900216600002000235650002000255942000700275952012800282999001700410240925s9999 xx 000 0 und d a81874954 a320.945 KAL aKalra, Krishan, 0aManaging uncertainity aNA aNew Delhi:bAmexcel Publishers Private Limitedc,1999. aVarious pagesbN.AfOriginal aIncludes Index aSocial Sciences aSocial Sciences cBK 001040708SSaUITUbUITUd2021-04-01eParamount Book Pvt Ltdl0o320.945 KALpQ15220r2024-09-25 07:17:38w2024-09-25yBK c17719d17719